Statistics for Call of Duty: Playable Characters

Click here to take the quiz!

General Stats

  • This quiz has been taken 184 times
    (69 since last reset)
  • The average score is 10 of 27

Answer Stats

Title Character % Correct
COD 4Sgt. John "Soap" MacTavish
92%
MW3Capt. Price
87%
Black OpsAlex Mason
87%
Black Ops IIDavid "Section" Mason
83%
MW2Sgt. Gary "Roach" Sanderson
80%
MW3Yuri
63%
GhostsLogan Walker
45%
MW2Pvt. James Ramirez
45%
WaWPvt. Dimitri Petrenko
43%
MW3Ssg. Derek "Frost" Westbrook
43%
Black OpsJason Hudson
43%
MW2Pfc. Joseph Allen
42%
Advanced WarfareMitchell
38%
WaWPvt. Miller
38%
COD 4Sgt. Paul Jackson
35%
WWIIPfc. Ronald Daniels
28%
Infinite WarfareNick Reyes
22%
Call of DutySgt. Jack Evans
7%
COD 3Pte. Cole
7%
COD 3Cpl. "Bohater"
7%
COD 2Cpl. Bill Taylor
7%
Call of DutyPvt. Joe Martin
7%
COD 3Sgt. Doyle
5%
COD 3Pvt. Nichols
5%
COD 2Sgt. John Davis
5%
COD 2Pvt. Vasili Koslov
5%
Call of DutyPvt. Alexei Ivanovich Voronin
2%

Score Distribution

Percentile by Number Answered

Percent of People with Each Score

Your Score History

You have not taken this quiz since the last reset